[Event "Massy 21th op"]
[Site "Massy "]
[Date "2009.??.??"]
[Round "?"]
[White "Piankov, Evgenij"]
[Black "Fargeon, Yves"]
[Result "1-0"]
[WhiteElo "1932"]
[BlackElo "1500"]
[PlyCount "87"]
[EventDate "2009.06.27"]
[EventType "swiss"]
[EventRounds "7"]
[EventCountry "FRA"]
[SourceTitle "EXT 2010"]
[Source "ChessBase"]
[SourceDate "2010.11.25"]
[SourceVersion "1"]
[SourceVersionDate "2010.11.25"]
[SourceQuality "1"]

1. d4 f5 2. g3 g6 3. Bg2 Bg7 4. e4 fxe4 5. Bxe4 Nf6 6. Bg2 d6 7. Nf3 Nbd7 8. 0-0 0-0 9. Ng5 Nb6 10. Re1 Rb8 11. c3 c6 12. Qe2 Re8 13. Ne6 Bxe6 14. Qxe6+ Kf8 15. Nd2 Qd7 16. Qb3 e5 17. dxe5 Rxe5 18. Rxe5 dxe5 19. Qa3+ Kg8 20. Qxa7 Qc7 21. Qa3 Rf8 22. Qb3+ Kh8 23. Ne4 Nxe4 24. Bxe4 Nd7 25. Be3 Nf6 26. Bg2 Ng4 27. Bc5 Rf7 28. Rd1 Rd7 29. Bh3 Rxd1+ 30. Qxd1 Nf6 31. Qd6 Qxd6 32. Bxd6 Ne4 33. Bc7 Nc5 34. b3 e4 35. c4 b5 36. Bg2 Bd4 37. Kf1 Kg7 38. Bd6 e3 39. fxe3 Bxe3 40. Bxc6 bxc4 41. bxc4 Kf6 42. Ke2 Ke6 43. Kxe3 Kxd6 44. Bd5 1-0